Identidad Etnica, Identidad Nacional, lengua y lingüistica. Lección inaugural del curso lectivo de 1993

Salvato in:
Dettagli Bibliografici
Autore principale: Zimmermann, Klaus
Natura: testo
Pubblicazione: San José: UCR
Tags: Aggiungi Tag
Nessun Tag, puoi essere il primo ad aggiungerne!!

MARC

LEADER 00000 a a2200000 04500
001 25347
003
040
090 |a 181300  
100 |a Zimmermann, Klaus  
245 |a Identidad Etnica, Identidad Nacional, lengua y lingüistica. Lección inaugural del curso lectivo de 1993  
260 |a San José:   |b UCR  
300 |a 23 p.  
999 |c 10546  |d 10546